¡¡Muerte súbita!! Nombra las provincias de Castilla y León - Estadísticas

Estadísticas generales
  • Esta prueba ha sido intentada 80 veces
  • La puntuación promedio es 8 de 9
Answers on the Grid
Answers color-coded by a green-red scale on the quiz's grid according to % correct below.
Huesca
León
Zaragoza
Córdoba
Toledo
Soria
Palencia
Madrid
Orense
Cáceres
Albacete
Murcia
Lleida
Burgos
Álava
Segovia
Lugo
Cantabria
Ciudad Real
Badajóz
Málaga
Guipúzcoa
Salamanca
Ávila
Teruel
Jaén
Barcelona
Zamora
Pontevedra
Valladolid
 
Estadísticas de respuestas
Respuesta % Correcto
León
97%
Segovia
97%
Zamora
95%
Burgos
92%
Palencia
90%
Valladolid
90%
Salamanca
89%
Ávila
85%
Soria
84%
No se encontraron pruebas coincidentes
Distribución de puntuación
Porcentaje de gente con cada puntuación
Porcentaje por número respondido
Historial de tus puntuaciones
No has intentado esta prueba.